00573nam a22002057a 45000010005000000030009000050050017000140070005000310080028000360400022000640820024000861000044001102450068001542600028002223000021002504900013002716500024002846500026003086500033003340151DO-SdBNP20231030093401.00151151005b19uu xxu 00| 0 spa d aBPMSUbspacBPMSU 4aCo863.44bG216f2221 aGarcía Márquez, Gabrield1927-2014.14aLos funerales de la mamá grande /cGabriel García Márquez a[s.l :bs. e, c[19-?]. a147 p. ;c18 cm.1 aÍndice 4aCuentos colombianos 4aLiteratura colombiana 4aHonras fúnebres vCuentos.